000 00340nam a22001217a 4500
008 180518b xxu||||| |||| 00| 0 eng d
041 _aeng
080 _a043.3
100 _a0
101 _aSHKI-BA
245 _aFusha- Valet Elektromagnetike te Telefonise Cellulare dhe ndikimi i tyre ne Shendet dhe Ambient
_cRexhepi, A
942 _2udc
_cBK
999 _c45977
_d45977